00282nam a22000977a 4500008004100000020001500041082002400056245004300080260005200123300000900175230703b xxu||||| |||| 00| 0 eng d a0245533303 28a346.07bFRA 1978 aLegal Aspects of Industry and Commerce bW. F. Frank, K. M. Williams and C. Perkinc1978 a338p